000 00598nam a2200229Ia 4500
005 20250425162142.0
008 250425s9999 xx 000 0 und d
020 _a0121064107
041 _aeng
082 _a595.3
100 _aPROVENZANO, ANTHONY J.
245 0 _aTHE BIOLOGY OF CRUSTACEA: ECONOMIC ASPECTS: FISHERIES AND CULTURE
250 _aS.E.
260 _aEstados Unidos
_bACADEMIA PRESS
_c1985
260 _aNEW YORK
300 _a331
650 _aCRUSTACEOS
650 _aCRUSTACEOS-CRIA Y DESARROLLO
650 _aCRUSTACEOS-INMUNIDAD
942 _c01
010 _a53160
999 _c223368
_d223368